000
00339nam a2200145 4500
999
_c
9477
_d
9477
003
OSt
005
20210624171232.0
008
210624b ||||| |||| 00| 0 eng d
020
_a
9781568982496
082
_a
701.8
_b
ELA
100
_a
Elam kimberly
245
_a
Geometry of design
260
_b
Princeton architectural press
942
_2
ddc